Review of civil litigation costs (Record no. 112375)

MARC details
000 -LEADER
fixed length control field 00987cad a22002295a 4500
001 - CONTROL NUMBER
control field L153098
008 - FIXED-LENGTH DATA ELEMENTS--GENERAL INFORMATION
fixed length control field 110607s2010 xxk f 000 0 eng d
020 ## - INTERNATIONAL STANDARD BOOK NUMBER
International Standard Book Number 9780117064041
035 ## - SYSTEM CONTROL NUMBER
System control number (Sirsi) u153098
041 0# - LANGUAGE CODE
Language code of text/sound track or separate title eng
100 1# - MAIN ENTRY--PERSONAL NAME
Personal name Jackson, Rupert
110 2# - MAIN ENTRY--CORPORATE NAME
Corporate name or jurisdiction name as entry element United Kingdom
Subordinate unit Ministry of Justice
9 (RLIN) 5477
245 00 - TITLE STATEMENT
Title Review of civil litigation costs
Remainder of title final report
Medium [electronic resource]
260 ## - PUBLICATION, DISTRIBUTION, ETC.
Place of publication, distribution, etc. [S.l.]
Name of publisher, distributor, etc. The Stationery Office
Date of publication, distribution, etc. 2010
520 ## - SUMMARY, ETC.
Summary, etc. The results of a consultation with key stakeholders to review the costs in civil litigation; recommendations. Jackson lead the review and the report is often known as the Jackson Report.
590 ## - LOCAL NOTE (RLIN)
Local note KA
651 #4 - SUBJECT ADDED ENTRY--GEOGRAPHIC NAME
Geographic name United Kingdom
Chronological subdivision
690 ## - LOCAL SUBJECT ADDED ENTRY--TOPICAL TERM (OCLC, RLIN)
Topical term or geographic name as entry element MANAGEMENT-BUSINESS MANAGEMENT-BUSINESS ETHICS
690 ## - LOCAL SUBJECT ADDED ENTRY--TOPICAL TERM (OCLC, RLIN)
Topical term or geographic name as entry element LEGALS COSTS
856 40 - ELECTRONIC LOCATION AND ACCESS
Uniform Resource Identifier <a href="https://www.judiciary.gov.uk/NR/rdonlyres/8EB9F3F3-9C4A-4139-8A93-56F09672EB6A/0/jacksonfinalreport140110.pdf">https://www.judiciary.gov.uk/NR/rdonlyres/8EB9F3F3-9C4A-4139-8A93-56F09672EB6A/0/jacksonfinalreport140110.pdf</a>
Public note View this item free of charge at www.judiciary.gov.uk
942 ## - ADDED ENTRY ELEMENTS (KOHA)
Suppress in OPAC 0
Holdings
Withdrawn status Lost status Source of classification or shelving scheme Damaged status Not for loan Home library Current library Shelving location Date acquired Total Checkouts Full call number Barcode Date last seen Copy number Price effective from Koha item type
    Dewey Decimal Classification     Virtual Virtual Online 07/06/2011   ONLINE PUBLICATION 153098-1001 06/08/2019 1 06/08/2019 Book